Statistics for Most Islamic U.S. States

Click here to take the quiz!

General Stats

  • This quiz has been taken 243 times
  • The average score is 7 of 10

Answer Stats

%Islamic State% Correct
2.0New York
98%
0.6California
94%
1.7Texas
79%
0.9Florida
77%
1.2Michigan
74%
1.8New Jersey
74%
2.8Illinois
68%
0.6Pennsylvania
59%
2.7Virginia
57%
0.8Delaware
27%

Score Distribution

Percentile by Number Answered

Percent of People with Each Score

Your Score History

You have not taken this quiz